00469 a2200157 450000500170000001000150001702000310003203500140006303700130007708200140009010000150010424500550011926000310017427000840020530000220028920211224120456.0 aENG-130597 a978-93-91211-02-8c2995.00 aEN-114129 bDBAD/PUB a345.40822 aSingh, G P aPrinciples of Statutory Interpretation:cG P Singh aHaryanabLexis Nexisc2021 a14th Floor, Building No. 10, Tower-B, DLF Cyber City, Phase-IIbGurgaone122002 a854p.c24cm (hbk)